Zgadnij 100 państw świata po opisach! - Statystyki

Ogólne statystyki
  • Ten quiz został rozwiązany 39 razy
  • Średni wynik to 67 z 101
Statystyki odpowiedzi
Opis Państwo % Poprawnych
Największe państwo Ameryki Południowej, znane z amazońskich lasów deszczowych i słynnego karnawału w Rio de Janeiro. Stolicą kraju jest Brasília. Brazylia
100%
Kraj słynący z tanga, wielkich równin pampy i ogromnej pasji do piłki nożnej. Znajdują się tam także wysokie szczyty Andów oraz malownicze lodowce Patagonii. Argentyna
97%
Długie i wąskie państwo rozciągające się między Andami a Oceanem Spokojnym. Znane jest z pustyni Atakama, wulkanów oraz rozwiniętej produkcji win. Chile
97%
Kraj położony nad Nilem, znany przede wszystkim z piramid i starożytnej cywilizacji faraonów. Egipt
97%
Państwo o bogatej kulturze i kuchni, słynące z tacos, muzyki mariachi oraz dawnych cywilizacji Majów i Azteków. Meksyk
97%
Skandynawskie państwo słynące z fiordów, wysokiego poziomu życia i pięknej przyrody. Norwegia
97%
Państwo i kontynent jednocześnie, znane z kangurów, raf koralowych i ogromnych pustyń. Australia
93%
Wyspiarski kraj pełen aktywnych wulkanów, gejzerów i lodowców. Surowa natura oraz częste zorze polarne przyciągają turystów z całego świata. Islandia
93%
Drugie największe państwo świata pod względem powierzchni, słynące z jezior, gór i wielokulturowych miast. Kanada
90%
Popularny kraj Azji Południowo-Wschodniej znany z tropikalnych plaż, świątyń buddyjskich i aromatycznej kuchni. Tajlandia
90%
Kraj słynący z tulipanów, wiatraków i rozbudowanej sieci kanałów. Dużą popularnością cieszą się tam rowery oraz nowoczesne podejście do urbanistyki. Holandia
87%
Kraj kojarzony z dawną cywilizacją Inków i słynnym Machu Picchu położonym wysoko w górach. Wyróżnia się bogatą kulturą, kolorowymi tradycjami i niezwykłymi krajobrazami. Peru
87%
Państwo posiadające ogromne zasoby ropy naftowej i jedne z najbardziej widowiskowych krajobrazów w Ameryce Południowej. Znajduje się tam najwyższy wodospad świata – Salto Angel. Wenezuela
87%
Kojarzona z tysiącami jezior, saunami i piękną przyrodą północy. Słynie również z bardzo dobrego systemu edukacji i spokojnego stylu życia. Finlandia
83%
Górskie państwo ukryte w Himalajach, które przez długi czas pozostawało odizolowane od świata. Znane jest z mierzenia „szczęścia narodowego” zamiast skupiania się wyłącznie na gospodarce. Bhutan
80%
Kraj rozległych stepów, pustyni Gobi i tradycyjnego życia nomadów. Historia tego regionu silnie związana jest z imperium Czyngis-chana. Mongolia
80%
Górski kraj położony w Himalajach, gdzie znajduje się najwyższy szczyt świata. Przyciąga podróżników buddyjskimi świątyniami, trekkingami i niezwykłymi krajobrazami. Nepal
80%
Silnie izolowane państwo rządzone przez autorytarny system polityczny i rozbudowaną propagandę. Kraj jest jednym z najbardziej zamkniętych na świecie, a życie mieszkańców podlega ścisłej kontroli władz. Korea Północna
77%
Słynie z aromatycznej kawy, tropikalnego klimatu i karaibskiego wybrzeża. Kraj posiada bardzo różnorodną przyrodę – od gór po dżungle i plaże. Kolumbia
73%
Nowoczesne państwo Azji Wschodniej słynące z technologii, muzyki K-pop i dynamicznych miast. Łączy bardzo szybki rozwój z głębokimi tradycjami kulturowymi. Korea Południowa
73%
Bałkański kraj z górzystymi krajobrazami i dostępem do ciepłego Morza Adriatyckiego. Coraz częściej przyciąga turystów dzikimi plażami i niewielkimi historycznymi miastami. Albania
70%
Kraj o długim wybrzeżu Adriatyku, znany z turkusowego morza i tysięcy wysp. Popularny kierunek turystyczny z malowniczymi miastami i parkami narodowymi. Chorwacja
70%
Wyspiarskie państwo na Morzu Śródziemnym, gdzie mieszają się wpływy europejskie i bliskowschodnie. Słynie z ciepłego klimatu, plaż i starożytnych ruin. Cypr
70%
Nowoczesne i cyfrowo rozwinięte państwo nad Morzem Bałtyckim. Łączy średniowieczne stare miasta z bardzo zaawansowanymi technologiami. Estonia
70%
Kraj położony między górami Kaukazu a Morzem Czarnym, znany z gościnności i wielowiekowej tradycji winiarskiej. Wyróżnia się własnym alfabetem i wyjątkową kuchnią. Gruzja
70%
Kraj o bardzo starej historii sięgającej starożytnych imperiów Persji. Znany jest z pustynnych krajobrazów, gór oraz bogatej architektury islamskiej. Iran
70%
Ogromne państwo stepów i pustyń, będące jednym z największych krajów świata bez dostępu do oceanu. Znajdują się tam kosmodromy, nowoczesne miasta i pozostałości dawnych szlaków handlowych. Kazachstan
70%
Spokojny kraj Azji Południowo-Wschodniej z licznymi świątyniami buddyjskimi i górskimi krajobrazami. Przez jego terytorium przepływa potężna rzeka Mekong. Laos
70%
Nadbałtyckie państwo z rozległymi lasami i spokojnym wybrzeżem Morza Bałtyckiego. Słynie z dobrze zachowanej architektury oraz licznych terenów zielonych. Łotwa
70%
Spokojne państwo położone w centrum Ameryki Południowej, znane z rozległych terenów rolniczych i kultury guarani. Dużą część kraju pokrywają gorące równiny i lasy. Paragwaj
70%
ółnocnoafrykański kraj znany z pustynnych krajobrazów, starożytnych ruin i śródziemnomorskiego wybrzeża. Część scen do „Gwiezdnych wojen” kręcono właśnie tam. Tunezja
70%
Górzysty kraj leżący na dawnych szlakach handlowych między Azją a Bliskim Wschodem. Przez wiele lat był miejscem licznych konfliktów, ale zachował bogatą kulturę i tradycje plemienne. Afganistan
67%
Największe państwo Afryki, którego ogromne obszary pokrywa Sahara. Na północy znajdują się śródziemnomorskie miasta i żyzne tereny rolnicze. Algieria
67%
Państwo położone wysoko w Andach, znane z kolorowych targów i ogromnych solnisk przypominających lodową pustynię. Wielu mieszkańców pielęgnuje tradycje rdzennych ludów. Boliwia
67%
Niewielkie państwo znane z rowerów, nowoczesnej architektury i wysokiej jakości życia. Mieszkańcy cenią prostotę, wygodę oraz ekologiczne rozwiązania. Dania
67%
Państwo położone przy równiku, obejmujące zarówno Andy, dżunglę amazońską, jak i wyspy wulkaniczne. Znane jest z ogromnej różnorodności przyrodniczej. Ekwador
67%
Region o jednej z najstarszych cywilizacji świata, położony między wielkimi rzekami Mezopotamii. Historia tego obszaru sięga tysięcy lat wstecz. Irak
67%
Zielona wyspa znana z deszczowego klimatu, klifów i muzyki celtyckiej. Wyróżnia się także bogatą tradycją literacką i legendami. Irlandia
67%
Znana z monumentalnych świątyń Angkoru ukrytych w dżungli. Kraj ma bogatą kulturę oraz trudną historię związaną z reżimem Czerwonych Khmerów. Kambodża
67%
Kraj znany z safari, sawann i ogromnej różnorodności dzikich zwierząt. Jest jednym z najważniejszych miejsc turystyki przyrodniczej w Afryce. Kenia
67%
Górzyste państwo Azji Centralnej słynące z rozległych jezior, wysokich przełęczy i tradycyjnego życia nomadów. W wielu regionach nadal można spotkać jurty oraz hodowców koni przemieszczających się po stepach. Kirgistan
67%
Niewielkie, bardzo bogate państwo na Półwyspie Arabskim, którego gospodarka opiera się głównie na ropie naftowej. Charakteryzuje się pustynnym klimatem i nowoczesną zabudową w miastach. Kuwejt
67%
Bałtyckie państwo z dużą ilością lasów, jezior i spokojnych krajobrazów. Znane jest także z historycznych miast i silnych tradycji kulturowych regionu. Litwa
67%
Wielka wyspa słynąca z wyjątkowych gatunków zwierząt i roślin, których nie spotyka się nigdzie indziej. Charakterystyczne są tam baobaby, lemury i tropikalne lasy. Madagaskar
67%
Państwo znane z tropikalnych lasów deszczowych, nowoczesnych miast i wielokulturowego społeczeństwa. W kuchni i kulturze mieszają się wpływy malajskie, chińskie i indyjskie. Malezja
67%
Państwo łączące dwa kontynenty, znane z jednego z najważniejszych kanałów morskich świata. Tropikalne lasy i wybrzeża przyciągają wielu turystów. Panama
67%
Niewielkie, bardzo nowoczesne państwo-miasto będące jednym z najważniejszych centrów finansowych świata. Słynie z porządku, technologii i wielokulturowości. Singapur
67%
Znana z nowoczesnych miast, rozległych lasów i wysokiego poziomu życia. Kraj mocno rozwija ekologię, technologie oraz odnawialne źródła energii. Szwecja
67%
Większość kraju pokrywają potężne góry Pamiru, nazywane czasem „dachem świata”. To jedno z najbardziej górzystych państw regionu, znane z surowych krajobrazów i dawnych szlaków Jedwabnego Szlaku. Tadżykistan
67%
Niewielkie państwo znane z spokojnego stylu życia, szerokich plaż i wysokiego poziomu bezpieczeństwa. Popularna jest tam kultura picia yerba mate. Urugwaj
67%
Kraj o bogatej historii związanej z Jedwabnym Szlakiem, pełen zabytkowych miast, meczetów i medres. Charakterystyczne są tam niebieskie kopuły oraz pustynne krajobrazy Azji Centralnej. Uzbekistan
67%
Kraj położony nad Morzem Kaspijskim, bogaty w ropę i gaz ziemny. Łączy wpływy kultury tureckiej, perskiej i postsowieckiej. Azerbejdżan
63%
Państwo o rozległych lasach i równinach, często nazywane „zielonymi płucami Europy”. Zachowało wiele elementów architektury i systemu z czasów Związku Radzieckiego. Białoruś
63%
Bałkańskie państwo łączące góry, wybrzeże Morza Czarnego i starożytne ruiny. Słynie z różnorodnych krajobrazów i bogatej kultury ludowej. Bułgaria
63%
Kraj w Europie Środkowej znany z bogatej historii, średniowiecznych zamków i pięknych starych miast. Dużą rolę odgrywa tam kultura piwa i tradycje rzemieślnicze. Czechy
63%
Ogromne państwo w Afryce Środkowej pokryte gęstą dżunglą i przecinane wielkimi rzekami. Jest jednym z najbardziej zasobnych w surowce naturalne krajów świata. Demokratyczna Republika Konga
63%
Karaibski kraj słynący z gorącego klimatu, muzyki i szerokich plaż. Ważną rolę odgrywa tam turystyka oraz kultura latynoamerykańska. Dominikana
63%
Jeden z najstarszych krajów Półwyspu Arabskiego, słynący z dawnych miast budowanych z gliny. Górzyste krajobrazy i pustynie tworzą bardzo surowe warunki życia. Jemen
63%
Bogate państwo pustynne, które dzięki gazowi ziemnemu bardzo szybko się rozwinęło. Nowoczesne drapacze chmur kontrastują tam z tradycyjną kulturą arabską. Katar
63%
Kraj pełen złotych pagód, świątyń buddyjskich i tropikalnych krajobrazów. Przez lata pozostawał stosunkowo odizolowany od świata. Mjanma
63%
Kraj o niezwykle zróżnicowanej kulturze i krajobrazach, od wielkich miast po najwyższe góry świata. Znajdują się tam jedne z najwyższych szczytów Ziemi oraz dawne miejsca związane z historią islamu i Azji Południowej. Pakistan
63%
Kraj pełen zamków, Karpat i dawnych legend związanych z Drakulą. W wielu regionach zachowały się tradycyjne wsie i folklor. Rumunia
63%
Bałkańskie państwo o bogatej historii i silnych tradycjach kulturowych. Znane jest z gościnności mieszkańców i życia nocnego dużych miast. Serbia
63%
Górzysty kraj o bardzo starej kulturze i licznych kamiennych klasztorach. Był jednym z pierwszych państw, które przyjęły chrześcijaństwo jako religię państwową. Armenia
60%
Jeden z najgęściej zaludnionych krajów świata, położony w delcie wielkich rzek Azji. Region często zmaga się z powodziami i cyklonami tropikalnymi. Bangladesz
60%
Słynie z czerwonych wydm pustyni Namib i ogromnych przestrzeni niemal pozbawionych ludzi. To jedno z najlepszych miejsc w Afryce do obserwacji dzikiej przyrody. Namibia
60%
Państwo o długiej historii morskiej i handlowej, położone na skraju Półwyspu Arabskiego. Znane jest z gór, pustyń oraz tradycyjnej architektury i fortów. Oman
60%
Małe europejskie państwo łączące Alpy, Morze Adriatyckie i jaskinie krasowe. Słynie z czystej natury i zielonych krajobrazów. Słowenia
60%
Tropikalna wyspa znana z plantacji herbaty, starożytnych świątyń i słoni azjatyckich. Jej wybrzeża przyciągają surferów i miłośników egzotycznej przyrody. Sri Lanka
60%
Znajduje się tam najwyższy szczyt Afryki oraz słynne parki safari pełne dzikich zwierząt. U wybrzeży leżą rajskie wyspy z białymi plażami i rafami koralowymi. Tanzania
60%
Pustynne państwo posiadające ogromne złoża gazu ziemnego i jedne z najbardziej nietypowych miast regionu. Znane jest również z „Wrot Piekieł” – płonącego krateru gazowego pośrodku pustyni. Turkmenistan
60%
Górzysty kraj bałkański z mieszanką kultur i religii. Znany jest z malowniczych miast, rzek i mostów z czasów osmańskich. Bośnia i Hercegowina
57%
Państwo słynące z ochrony dzikiej przyrody i ogromnej delty Okawango pełnej egzotycznych zwierząt. Znaczna część kraju pokryta jest pustynią Kalahari. Botswana
57%
Jeden z najstarszych krajów Afryki, posiadający własny alfabet i unikalną kulturę. Znany jest także jako miejsce pochodzenia kawy. Etiopia
57%
Zachodnioafrykańskie państwo o stabilnej gospodarce i bogatej kulturze. Słynie z produkcji kakao oraz muzyki i barwnych tradycji. Ghana
57%
Niewielkie państwo Europy Wschodniej znane z winnic i spokojnych krajobrazów wiejskich. W wielu regionach zachowały się tradycyjne formy życia. Mołdawia
57%
Zachodnioafrykański kraj słynący z muzyki, kolorowych targów i gościnności mieszkańców. Znajdują się tam zarówno sawanny, jak i wybrzeża Atlantyku. Senegal
57%
Jedno z najmłodszych państw świata, powstałe w XXI wieku. Posiada rozległe sawanny i bogatą, zróżnicowaną kulturę etniczną. Sudan Południowy
57%
Państwo znane z jezior, zielonych terenów i rzadkich goryli górskich żyjących w lasach. Znajdują się tam także źródła jednej z najdłuższych rzek świata. Uganda
57%
Państwo w centrum Europy słynące z gorących źródeł termalnych i charakterystycznej kuchni. Ma silne tradycje historyczne i liczne zabytki z różnych epok. Węgry
57%
Państwo bogate w surowce naturalne, szczególnie ropę i diamenty. Posiada długie wybrzeże Atlantyku oraz rozległe sawanny. Angola
53%
Archipelag składający się z tysięcy wysp, słynący z rajskich plaż i aktywnych wulkanów. Kultura kraju łączy wpływy azjatyckie i hiszpańskie. Filipiny
53%
Kraj Ameryki Środkowej z karaibskim wybrzeżem i górzystym wnętrzem. Znany jest z ruin starożytnych cywilizacji Majów oraz tropikalnej przyrody. Honduras
53%
Niewielkie państwo nad Morzem Śródziemnym, znane z bogatej historii i mieszanki kultur. Góry, wybrzeże i stare miasta tworzą bardzo różnorodny krajobraz. Liban
53%
Małe państwo na Bałkanach z górzystym krajobrazem i licznymi zabytkami starożytności. Wyróżnia się spokojnym tempem życia i bogatą historią. Macedonia Północna
53%
Państwo położone na obrzeżach Sahary, dawniej ważne centrum handlu złotem i soli. Przez jego terytorium przebiegały historyczne szlaki karawanowe. Mali
53%
Niewielkie, bardzo zielone państwo w Afryce Wschodniej, często nazywane „krajem tysiąca wzgórz”. Znane jest z dynamicznego rozwoju i ochrony przyrody. Rwanda
53%
Kraj pełen gór, jaskiń i zamków rozsianych po całym terytorium. Popularny wśród turystów lubiących naturę i piesze wędrówki. Słowacja
53%
Niewielki kraj pokryty w większości tropikalną dżunglą, zamieszkany przez niezwykle zróżnicowane społeczności etniczne. W kulturze widoczne są wpływy azjatyckie, afrykańskie i europejskie. Surinam
53%
Kraj w południowej Afryce, znany z ogromnych terenów przyrodniczych i wodospadów na rzece Zambezi. Dużą część gospodarki opiera na górnictwie i turystyce. Zambia
53%
Kraj słynący z imponujących wodospadów i dawnych kamiennych ruin budowanych przez afrykańskie cywilizacje. Dużą część jego terytorium zajmują sawanny pełne dzikich zwierząt. Zimbabwe
53%
Jedno z mniej znanych państw Ameryki Południowej, pokryte głównie lasami tropikalnymi i rzekami. W kulturze widoczne są wpływy karaibskie, afrykańskie i indyjskie. Gujana
50%
Górzysty kraj z licznymi wulkanami i pozostałościami cywilizacji Majów ukrytymi w dżungli. Kolorowe targi i tradycyjne stroje są ważną częścią lokalnej kultury. Gwatemala
50%
Kraj nazywany często „Afryką w miniaturze”, ponieważ można tam spotkać wiele różnych krajobrazów i kultur. Występują tam zarówno góry, dżungle, jak i sawanny. Kamerun
50%
Rozproszone wyspiarskie państwo położone po obu stronach równika na ogromnym obszarze Oceanu Spokojnego. Jest jednym z najbardziej zagrożonych krajów przez podnoszenie się poziomu mórz. Kiribati
50%
Jedno z najbardziej zróżnicowanych kulturowo miejsc świata, gdzie używa się setek języków. Gęste dżungle i górskie tereny utrudniają kontakt między regionami. Papua-Nowa Gwinea
50%
Niewielkie państwo w Afryce Zachodniej z dostępem do Oceanu Atlantyckiego. Gospodarka opiera się głównie na rolnictwie i handlu lokalnym. Togo
50%
Nadmorski kraj z długim wybrzeżem Oceanu Indyjskiego i licznymi rafami koralowymi. W kulturze widoczne są silne wpływy afrykańskie i portugalskie. Mozambik
47%
Znana z ogromnej dbałości o środowisko naturalne i licznych parków narodowych. Kraj słynie z lasów tropikalnych, wulkanów i różnorodności zwierząt. Kostaryka
43%
Niewielkie monarchiczne państwo znane z pielęgnowania dawnych tradycji i ceremonii kulturowych. Krajobraz tworzą góry, sawanny i rezerwaty dzikich zwierząt. Eswatini
40%
Jedno z nielicznych państw świata położonych całkowicie wysoko w górach. Cały jego obszar znajduje się powyżej 1000 metrów nad poziomem morza. Lesotho
40%
Nie znaleziono quizów pasujących do podanych kryteriów
Rozkład punktacji
Procent ludzi z każdym wynikiem
Percentyl według liczby udzielonych odpowiedzi
Twoja historia wyników
Nie rozwiązałeś tego quizu